000 01983cam a22004217a 4500
001 15907656
003 Nust
005 20210907113022.0
008 090916s2009 gw a b 101 0 eng d
010 _a 2009937150
020 _a9783642261084
035 _a(OCoLC)ocn436030848
038 _akhadija
040 _aBTCTA
_cBTCTA
_dOHX
_dBWX
_dUUM
_dYDXCP
_dMUU
_dDLC
042 _alccopycat
050 0 0 _aQA76.87
_b.C6823 2009
082 _a006.32
_bCON
100 _aLeonardo Franco.
_982226
245 0 0 _aConstructive neural networks /
_cLeonardo Franco, David A. Elizondo, and José M. Jerez (eds.)
260 _aBerlin :
_bSpringer,
_cc2009.
300 _aviii, 291 p. :
_bill. ;
_c25 cm.
490 1 _aStudies in computational intelligence ;
_vv. 258
504 _aIncludes bibliographical references and index.
520 _a"This book presents a collection of invited works that consider constructive methods for neural networks, taken primarily from papers presented at a special session held during the 18th International Conference on Artificial Neural Networks (ICANN 2008) in September 2008 in Prague, Czech Republic."--Pref.
563 _apaperback
650 0 _aNeural networks (Computer science)
_918586
700 1 _aFranco, Leonardo,
_cPh.D.
_982227
700 1 _aElizondo, David A.
_982228
700 1 _aJerez, José M.
_982229
711 2 _aInternational Conference on Artificial Neural Networks (European Neural Network Society)
_n(18th :
_d2008 :
_cPrague)
_982230
830 0 _aStudies in computational intelligence ;
_vv. 258.
_981268
856 4 2 _3Publisher description
_uhttp://www.loc.gov/catdir/enhancements/fy1109/2009937150-d.html
856 4 1 _3Table of contents only
_uhttp://www.loc.gov/catdir/enhancements/fy1109/2009937150-t.html
906 _a7
_bcbc
_ccopycat
_d2
_encip
_f20
_gy-gencatlg
942 _2ddc
_cBK
999 _c219447
_d219447